Remodelar el modelo: reflexiones para el Bicentenario

I tiakina i:
Ngā taipitopito rārangi puna kōrero
Kaituhi matua: Martner Fanta, Gonzalo Daniel (autor)
Hōputu: Pukapuka
Reo:Pāniora
I whakaputaina: Santiago LOM 2007
Putanga:1a. ed
Rangatū:Colección Ciencias Humanas
Ngā marau:
Ngā Tūtohu: Tāpirihia he Tūtohu
Kāore He Tūtohu, Me noho koe te mea tuatahi ki te tūtohu i tēnei pūkete!

MARC

LEADER 00000nam a2200000 a 4500
001 UCI2734
003 CL-VaPUC
008 070907e20070000CL |||||||||||||||||spa|d
020 |a 9789562828994 
082 0 4 |a 330.983  |b MAR  |2 21 
100 |a Martner Fanta, Gonzalo Daniel  |e autor  |9 572429 
245 1 0 |a Remodelar el modelo: reflexiones para el Bicentenario 
250 |a 1a. ed 
300 |a 191 p 
942 |c BK 
945 |d 20070907 00:00:00  |a jtorresc 
260 |a Santiago  |b LOM  |c 2007 
650 0 |a Política económica   |9 255029 
650 0 |a Desarrollo económico  |9 259599 
650 0 |a Crecimiento económico   |9 314037 
650 7 |a ECONOMIA CHILENA  |2 CL-VaPUC  |9 410148 
583 |a last modification  |c 20070907 00:00:00  |k Rodrigo Vera 
490 0 |a Colección Ciencias Humanas 
999 |c 327200  |d 327198 
952 |0 0  |1 0  |4 0  |6 330_983000000000000_MAR_2007  |7 0  |8 A  |9 409709  |a BIBCUR  |b BIBCUR  |d 2019-11-22  |i 4370139  |o 330.983 MAR 2007  |p 4370139  |r 2025-04-22  |w 2019-11-22  |y BK  |k PER